Thâm nhập thị trường EU những điều cần biết (Chuyên khảo)

Đã lưu trong:
Bibliografiske detaljer
Hovedforfatter: Đoàn Thị Hồng Vân
Andre forfattere: Andreas Backer, Kim Ngọc Hồng Liên. (Biên soạn)
Format: Bog
Sprog:Vietnamese
Udgivet: Thống kê 2004
Tags: Tilføj Tag
Ingen Tags, Vær først til at tagge denne postø!
Thư viện lưu trữ: Mạng thư viện Đại học Đà Nẵng
LEADER 00834nam a2200265 4500
001 000020364
003 16809
005 20150316150341.0
008 150316s2004 viesd
020 |c 45000 
041 0 |a vie 
082 1 4 |a 337.142  |b ĐO-V 
100 1 |a Đoàn Thị Hồng Vân 
245 1 0 |a Thâm nhập thị trường EU những điều cần biết (Chuyên khảo)  |c Chủ biên : Đoàn Thị Hồng Vân ; Tham gia biên soạn : Andreas Backer, Kim Ngọc Hồng Liên. 
260 |b Thống kê  |c 2004 
300 |a tr.  |c cm. 
700 1 |a Andreas Backer,  |a Kim Ngọc Hồng Liên.  |e Biên soạn 
OWN |a LSP 
999 |a From the UDN01 
TYP |a Monograph 
TYP |a Printed language 
980 |a Mạng thư viện Đại học Đà Nẵng